00298nam a2200109 a 4500008004100000050001700041100002000058245004000078260004100118300002000159350000900179120416s1966 ||||||||||||||||| || u aTA 683.2 Cer aCernica, John N10aFundamentals of reinforced concrete aReading, Mass.bAddison-Wesleyc1966 aVarious pagings a0.00